"Arunachalam" (Tiruvannamalai): (Record no. 20417)

MARC details
000 -LEADER
fixed length control field 00745nam a2200205 a 4500
005 - DATE AND TIME OF LATEST TRANSACTION
control field 19820422000000.0
008 - FIXED-LENGTH DATA ELEMENTS--GENERAL INFORMATION
fixed length control field 820422s1980 ii bcfj 000 0 eng
010 ## - LCCN (DPL NO)
LC control number ENG-92335
020 ## - INTERNATIONAL STANDARD BOOK NUMBER
International Standard Book Number 9788175258600
Terms of availability 99.00
035 ## - SYSTEM CONTROL NUMBER
System control number EN-75868
037 ## - SOURCE OF ACQUISITION
Source of stock number/acquisition DBAD / PUB
040 ## - CATALOGING SOURCE
Original cataloging agency dpl
Language of cataloging English
082 ## - DEWEY DECIMAL CLASSIFICATION NUMBER
Classification number 230.91
100 ## - MAIN ENTRY--PERSONAL NAME
Personal name Shivani
245 ## - TITLE STATEMENT
Title "Arunachalam" (Tiruvannamalai):
Statement of responsibility, etc by Shivani
Remainder of title an endless experience /
260 ## - PUBLICATION, DISTRIBUTION, ETC. (IMPRINT)
Name of publisher, distributor, etc Shivani Publishing
Date of publication, distribution, etc 2007
Place of publication, distribution, etc Tiruvannamalai
300 ## - PHYSICAL DESCRIPTION
Extent xii, 115p.:
Dimensions 18 cm (pbk)
Other physical details col. photos
942 ## - ADDED ENTRY ELEMENTS (KOHA)
Source of classification or shelving scheme Dewey Decimal Classification
Item type English Books
Call number suffix SHI
Classification part 230.91
Holdings
Withdrawn status Lost status Source of classification or shelving scheme Damaged status Not for loan Collection code Home library Current library Date acquired Source of acquisition Cost, normal purchase price Total Checkouts Full call number Barcode Date last seen Copy number Cost, replacement price Koha item type
    Dewey Decimal Classification   Not For Loan Non-fiction D.B.Act.Division D.B.Act.Division 01/01/2009 DBAD / PUB 99.00   230.91SHI EN-75868 31/12/2008 1 99.00 English Books

© Delhi Public Library
Hit Counter
free hit counter